Shadows and doubt (Record no. 74114)
[ view plain ]
| 000 -LEADER | |
|---|---|
| fixed length control field | 01463cab a2200241 4500 |
| 001 - CONTROL NUMBER | |
| control field | ABS67426 |
| 008 - FIXED-LENGTH DATA ELEMENTS--GENERAL INFORMATION | |
| fixed length control field | 040204n2004 000 0 eng u |
| 035 ## - SYSTEM CONTROL NUMBER | |
| System control number | (Sirsi) u125034 |
| 100 ## - MAIN ENTRY--PERSONAL NAME | |
| Personal name | Bingham, T. |
| 245 ## - TITLE STATEMENT | |
| Title | Shadows and doubt |
| 260 ## - PUBLICATION, DISTRIBUTION, ETC. | |
| Date of publication, distribution, etc. | 2004 |
| 490 ## - SERIES STATEMENT | |
| Series statement | Building |
| Volume/sequential designation | 269(8316) 23 February 2004, 50-51(2) |
| 520 ## - SUMMARY, ETC. | |
| Summary, etc. | Discusses "Costain Ltd v Strathclyde Builders Ltd" (CSOH, 17 December 2003) alleging a breach of fair play by an adjudicator. Argues that adjudicators must be impartial and each party must be given a fair opportunity to present its case even when working to tight timescales. Adjudicators can use their own knowledge but the parties must be told what it is and their comments sought. Any technical or legal advice obtained must be disclosed to all parties. In "Costain", the adjudicator's award was set aside as it was held to be unfair as the adjudicator had failed to inform the parties of his conversation with the legal advisor. View at www.scotcourt.gov.uk |
| 590 ## - LOCAL NOTE (RLIN) | |
| Local note | ABS |
| 650 ## - SUBJECT ADDED ENTRY--TOPICAL TERM | |
| Topical term or geographic name entry element | COSTAIN V STRATHCLYDE BUILDERS LTD |
| 650 ## - SUBJECT ADDED ENTRY--TOPICAL TERM | |
| Topical term or geographic name entry element | MANAGEMENT-DISPUTE AVOIDANCE, MANAGEMENT AND RESOLUTION-DISPUTE MANAGEMENT AND RESOLUTION-ALTERNATIVE DISPUTE RESOLUTION-ADJUDICATION |
| 650 ## - SUBJECT ADDED ENTRY--TOPICAL TERM | |
| Topical term or geographic name entry element | FAIR PLAY |
| 650 ## - SUBJECT ADDED ENTRY--TOPICAL TERM | |
| Topical term or geographic name entry element | SCOTLAND |
| 650 ## - SUBJECT ADDED ENTRY--TOPICAL TERM | |
| Topical term or geographic name entry element | BREACHES OF NATURAL JUSTICE |
| 690 ## - LOCAL SUBJECT ADDED ENTRY--TOPICAL TERM (OCLC, RLIN) | |
| Topical term or geographic name as entry element | Dispute resolution |
| 9 (RLIN) | 6236 |
| 856 ## - ELECTRONIC LOCATION AND ACCESS | |
| Uniform Resource Identifier | <a href="https://www.scotcourts.gov.uk/opinionsv/ca96.html">https://www.scotcourts.gov.uk/opinionsv/ca96.html</a> |
| Public note | View on the Scottish Court website. |
| 942 ## - ADDED ENTRY ELEMENTS (KOHA) | |
| Suppress in OPAC | 0 |
| Withdrawn status | Lost status | Source of classification or shelving scheme | Damaged status | Not for loan | Home library | Current library | Shelving location | Date acquired | Total Checkouts | Full call number | Barcode | Date last seen | Copy number | Price effective from | Koha item type |
|---|---|---|---|---|---|---|---|---|---|---|---|---|---|---|---|
| Dewey Decimal Classification | London | London | Journal article | 04/02/2004 | ABS67426 | 125034-1001 | 06/08/2019 | 1 | 06/08/2019 | Journal article |